000 01196nam a2200205Ia 4500
003 Ost
005 20260507075710.0
008 260507s9999||||xx |||||||||||||| ||und||
020 _a9789931475088
040 _cfsecg
041 _aara
100 _aطرطار، أحمد
_eمؤلف
245 0 _aتقنيات المحاسبة العامة وفق النظام المحاسبي المالي الجديد scf :
_b الإطار النظري /
_c أحمد طرطار
250 _aطبعة 2
260 _aالجزائر:
_bجسور,
_c2018
300 _a262 صفحة؛
_bجداول
_c24 سم
504 _aمراجع ص.249
520 _aجاء في طي هذا الكتاب كيفية تنطذظيم العمل المحاسبي وفق النظام المحاسبي المالي الجديد، بما فيه المعالجة المحاسبية وفق scfوكذلك التحليل المحاسبي للحسابات، مع دراسة حالة مؤسسة ذات نشاط خدمي في مجال البناء والأشغال العمومية من تقديم عام للمؤسسة، بالاضافة إلى تقديم القوائم المالية الخاصة بالمؤسسة.
942 _cكتاب
999 _c45889
_d45889